| 000 | 00487nam a22001817a 4500 | ||
|---|---|---|---|
| 003 | CEME | ||
| 005 | 20210628202133.0 | ||
| 008 | 210225b xxu||||| |||| 00| 0 eng d | ||
| 020 | _a0-7506-3991-1 | ||
| 040 | _c. | ||
| 082 | _a621.38928 HON | ||
| 100 |
_aHoney, Gerard _958392 |
||
| 245 | _aElectornic security systems, pocket book | ||
| 260 |
_aBOSTON _bNEWNESS _c1999 |
||
| 300 | _a225P | ||
| 650 |
_aSECURITY SYSTEMS-ELECTORNIC SECURITY SYSTEMS DEVICES _958410 |
||
| 942 |
_cBK _2ddc |
||
| 999 |
_c568610 _d568610 |
||